| 000 | 00453nam a2200181Ia 4500 | ||
|---|---|---|---|
| 008 | 230524s9999 xx 000 0 und d | ||
| 020 | _a8178087987 | ||
| 082 |
_a621.3 _bHUG |
||
| 100 | _aHughs Edward | ||
| 245 | 0 | _aHughes Electrical & Electronic Technology | |
| 250 | _a8TH | ||
| 260 |
_aNEW DELHI _bPearson _c2003 |
||
| 300 | _aXV;896 | ||
| 500 | _aQuantity Number: 105 | ||
| 650 | _aElectrical | ||
| 700 | _a Ianmc Kenzie Smith | ||
| 942 | _cBK | ||
| 999 |
_c14185 _d14185 |
||